Central Library OPAC University of Rajshahi

Encyclopaedia of Muslim biography : (Record no. 18472)

MARC details
000 -LEADER
fixed length control field 01227aam a2200361 a 4500
001 - CONTROL NUMBER
control field 18472
003 - CONTROL NUMBER IDENTIFIER
rucl marc code BD-RjUL
005 - DATE AND TIME OF LATEST TRANSACTION
control field 20211209000306.0
008 - FIXED-LENGTH DATA ELEMENTS--GENERAL INFORMATION
fixed length control field 140220s2001 ii b 000 0ceng
020 ## - INTERNATIONAL STANDARD BOOK NUMBER
International Standard Book Number 8176482307 (set)
International Standard Book Number 8176482315 (vol. 1)
International Standard Book Number 8176482323 (vol. 2)
International Standard Book Number 8176482331 (vol. 3)
International Standard Book Number 817648234X (vol. 4)
International Standard Book Number 8176482358 (vol. 5)
035 ## - SYSTEM CONTROL NUMBER
System control number (OCoLC)47174928
-- (BD-RjUL)18530
System control number (BD-RjUL)
040 ## - CATALOGING SOURCE
Original cataloging agency DLC
Language of cataloging eng
Transcribing agency DLC
Modifying agency WCU
-- BD-RjUL
041 ## - LANGUAGE CODE
Language code of text/sound track or separate title eng
082 0# - DEWEY DECIMAL CLASSIFICATION NUMBER
Classification number 297.092203
Edition number 21
Author mark and year ENC 2001
245 00 - TITLE STATEMENT
Title Encyclopaedia of Muslim biography :
Remainder of title India, Pakistan, Bangladesh.
Statement of responsibility, etc. / edited by Nagendra Kr. Singh.
Number of part/section of a work Volume II :
Name of part/section of a work B-H
260 ## - PUBLICATION, DISTRIBUTION, ETC. (IMPRINT)
Place of publication, distribution, etc. New Delhi :
Name of publisher, distributor, etc. A.P.H. Pub. Corp.,
Date of publication, distribution, etc. 2001.
300 ## - PHYSICAL DESCRIPTION
Pagination xvii, 651p. ;
Size 25 cm.
504 ## - BIBLIOGRAPHY, ETC. NOTE
Bibliography, etc Includes bibliographical references.
505 0# - FORMATTED CONTENTS NOTE
Formatted contents note v. 1. A -- v. 2. B-H -- v. 3. I-M -- v. 4. Muh-R -- v. 5. S-Z.
650 #0 - SUBJECT ADDED ENTRY--TOPICAL TERM
Topical term or geographic name as entry element Muslims
Geographic subdivision South Asia
Form subdivision Biography
-- Encyclopedias.
9 (RLIN) 56577
651 #0 - SUBJECT ADDED ENTRY--GEOGRAPHIC NAME
Geographic name South Asia
Form subdivision Biography
-- Encyclopedias.
9 (RLIN) 56578
700 1# - ADDED ENTRY--PERSONAL NAME
Personal name Singh, Nagendra Kr., ed.
Dates associated with a name 1963-
942 ## - ADDED ENTRY ELEMENTS (KOHA)
Source of classification or shelving scheme Dewey Decimal Classification
Koha item type Reference
Holdings
Lost status Source of classification or shelving scheme Damaged status Not for loan Permanent Location Current Location Shelving location Date acquired Source of acquisition Cost, normal purchase price Total Checkouts Full call number Date last seen Copy number Koha item type
  Dewey Decimal Classification   Not For Loan Central Library, University of Rajshahi Central Library, University of Rajshahi   07/07/2013 Dhaka Paragon Enterprises 3198.00   R 297.092203 ENC V.2 2001 20/02/2014 C-4 Reference